000 00844nam a2200205Ia 4500
008 0000002003 sp a 0000000000spa00
090 _aPSP00 P27t
100 1 _aPerejaume
245 1 0 _aTápies
_c/ textos Perejaume ; fotografías Gasull ; traducción Natalia Gascón, Graham Thompson
300 _a52 p.
_c/ 27 cm.
500 _aExposición realizada en la Galeria Soledad Lorenzo, Madrid, Noviembre 20 Diciembre 24, 2003 \ Con el patronazgo del maestro venezolano Jesús Rafael Soto (q.e.p.d.)
600 0 0 _aTAPIES, ANTONIO, 1923/
_xTRABAJOS PICTORICOS
650 1 4 _a PINTURA ESPAÑOLA
650 1 4 _xCATALOGOS
650 1 4 _xEXPOSICIONES
650 1 4 _aPINTORES ESPAÑOLES
650 1 4 _aPINTURA MODERNA ESPAÑOLA
700 1 _aGasull \ Gascón, Natalia, tr. \ Thompson, Graham
999 _c177
_d177
260 _aMadrid : Arte Madrid
_c2003